000
00265nam a2200109Ia 4500
008
220204s9999 xx 000 0 und d
082
_b
SAB
100
_a
Sabor, Josefa E
245
0
_a
Methods of teaching librarianship
260
_a
Paris
_b
Unesco
_c
1969
942
_c
BK
999
_c
23258
_d
23258